000 00611nam a22001937a 4500
005 20251108173244.0
008 250721s9999 xx 000 0 ara d
082 1 4 _a811.2/واق
100 1 _aالواقدى، ابو عبد الله محمد بن عمر ...
245 1 0 _aكتاب الردة /
264 1 _aعمان :
_bدار الفرقان للطباعة والنشر،
300 _a438ص
650 1 7 _aحروب الردة
650 1 7 _aالخلفاء الراشدون 632-661
650 1 7 _aالشعر العربي
650 1 7 _aالعصر الاسلامي
942 _2ddc
_cBK
999 _c99650
_d99650